000 01663nam0a2200325 4500
001 RU\NLR\bibl\2049833
005 20260409063516.0
010 _a978-5-17-077696-2
_bАСТ
_93000
021 _aRU
_b2013-42549
_92941
035 _a(NLR Aleph) 002036890
090 _a4577203
_c4577203
100 _a20130703d2013 |||y0rusy50 ca
101 0 _arus
102 _aRU
105 _ay |||||||||
200 1 _aЖилищный кодекс Российской Федерации
_eпо состоянию на 25 марта 2013 года
_e[29 декабря 2004 года № 188-ФЗ
_eпринят Государственной Думой 22 декабря 2004 года
_eодобрен Советом Федерации 24 декабря 2004 года
_eв редакции Федеральных законов от 31.12.2005 № 199-ФЗ ... от 25.12.2012 № 271-ФЗ]
210 _aМосква
_cАСТ
_d2013
215 _a126, [1] с.
_d20
225 1 _aНовейшее законодательство
300 _aНа тит.л. год изд. приведен дважды
604 _171001$aРоссийская Федерация
_150011$aЖилищный кодекс$2nlr_sh2$3RU\NLR\AUTH\661259622
_aРоссийская Федерация
_tЖилищный кодекс
_92083558
_3RU\NLR\AUTH\661259622
686 _aХ623.211.33-324.9(2Р)
740 1 _aРоссийская Федерация
_tЗаконы
_iЖилищный кодекс
_3RU\NLR\AUTH\880379479
_9425342
801 0 _aRU
_bNLR
_c20130703
_gRCR
801 1 _aRU
_bNLR
_c20130703
942 _cBOOK
980 _aNBR
980 _aNB